000
00322nam a2200133Ia 4500
008
231129s1973||||xx |||||||||||||| ||spa||
040
_b
spa
082
_a
371.2013 W676t
100
_a
Wiles Kimball
245
0
_a
Tecnicas de supervision para mejores escuelas
260
_c
1973
264
_a
Trillas
942
_2
ddc
_c
BKS
999
_c
25093
_d
25093